<?xml version="1.0" encoding="UTF-8"?>
<record
    xmlns:xsi="http://www.w3.org/2001/XMLSchema-instance"
    xsi:schemaLocation="http://www.loc.gov/MARC21/slim http://www.loc.gov/standards/marcxml/schema/MARC21slim.xsd"
    xmlns="http://www.loc.gov/MARC21/slim">

  <leader>00848nam a2200229 a 4500</leader>
  <controlfield tag="001">BRCA_4</controlfield>
  <controlfield tag="005">20190320202834.0</controlfield>
  <controlfield tag="008">930817s1992    mx-a---##b---#000-0#spa-#</controlfield>
  <datafield tag="020" ind1=" " ind2=" ">
    <subfield code="a">9686084495</subfield>
  </datafield>
  <datafield tag="050" ind1=" " ind2="4">
    <subfield code="a">N6553</subfield>
    <subfield code="b">.A78</subfield>
    <subfield code="c">1992</subfield>
  </datafield>
  <datafield tag="100" ind1="1" ind2=" ">
    <subfield code="a">Sartor, Mario</subfield>
    <subfield code="d">1946-</subfield>
    <subfield code="9">16</subfield>
  </datafield>
  <datafield tag="245" ind1="1" ind2="0">
    <subfield code="a">Arquitectura y urbanismo en Nueva Espa&#xF1;a</subfield>
    <subfield code="b">Siglo XVI</subfield>
    <subfield code="c">Mario Sartor ; presentaci&#xF3;n de Carlos Chanf&#xF3;n Olmos.</subfield>
  </datafield>
  <datafield tag="260" ind1=" " ind2=" ">
    <subfield code="a">[M&#xE9;xico]</subfield>
    <subfield code="b">Grupo Azabache</subfield>
    <subfield code="c">[1992]</subfield>
  </datafield>
  <datafield tag="300" ind1=" " ind2=" ">
    <subfield code="a">285, [1] p.</subfield>
    <subfield code="b">il. (algunas a color)</subfield>
    <subfield code="c">30 cm.</subfield>
  </datafield>
  <datafield tag="440" ind1=" " ind2="0">
    <subfield code="a">Arte novohispano</subfield>
    <subfield code="v">2</subfield>
    <subfield code="9">17</subfield>
  </datafield>
  <datafield tag="504" ind1=" " ind2=" ">
    <subfield code="a">Bibliograf&#xED;a: p. 281-[286]</subfield>
  </datafield>
  <datafield tag="650" ind1="1" ind2="4">
    <subfield code="a">Arquitectura espa&#xF1;ola colonial</subfield>
    <subfield code="x">Historia</subfield>
    <subfield code="y">Siglo XVI</subfield>
    <subfield code="z">M&#xE9;xico</subfield>
    <subfield code="9">18</subfield>
  </datafield>
  <datafield tag="650" ind1="1" ind2="4">
    <subfield code="a">Instituciones cat&#xF3;licas</subfield>
    <subfield code="x">Edificios</subfield>
    <subfield code="z">M&#xE9;xico</subfield>
    <subfield code="9">19</subfield>
  </datafield>
  <datafield tag="653" ind1="0" ind2=" ">
    <subfield code="a">Arquitectura civil y religiosa en la Nueva Espa&#xF1;a</subfield>
  </datafield>
  <datafield tag="700" ind1="1" ind2=" ">
    <subfield code="a">Chanf&#xF3;n Olmos, Carlos</subfield>
    <subfield code="9">20</subfield>
  </datafield>
  <datafield tag="942" ind1=" " ind2=" ">
    <subfield code="2">lcc</subfield>
    <subfield code="c">B</subfield>
  </datafield>
  <datafield tag="999" ind1=" " ind2=" ">
    <subfield code="c">4</subfield>
    <subfield code="d">4</subfield>
  </datafield>
  <datafield tag="952" ind1=" " ind2=" ">
    <subfield code="0">0</subfield>
    <subfield code="1">0</subfield>
    <subfield code="4">0</subfield>
    <subfield code="7">0</subfield>
    <subfield code="a">BRCA</subfield>
    <subfield code="b">BRCA</subfield>
    <subfield code="d">2008-06-24</subfield>
    <subfield code="l">0</subfield>
    <subfield code="o">N6553 .A78 1992</subfield>
    <subfield code="p">00923</subfield>
    <subfield code="r">2019-03-22 00:00:00</subfield>
    <subfield code="w">2019-03-22</subfield>
    <subfield code="y">B</subfield>
  </datafield>
</record>
